| 000 | 00386nam a2200133Ia 4500 | ||
|---|---|---|---|
| 005 | 20260328104246.0 | ||
| 008 | 260328s9999||||xx |||||||||||||| ||und|| | ||
| 100 | _aFauchois, Georges | ||
| 245 | 0 |
_a40 Modelos de Carpinteria Metálica : _b bastidores fijos y ventanas / _cGeorges Fauchois |
|
| 250 | _a1a ed. | ||
| 260 | _bGustavo Gili | ||
| 650 | _aDETALLES CONSTRUCTIVOS | ||
| 942 | _cBK | ||
| 999 |
_c10055 _d10055 |
||